La Propuesta migratoria del presidente Bush: naturaleza, viabilidad y pertinencia /
Gorde:
| Egile nagusia: | |
|---|---|
| Beste egile batzuk: | |
| Formatua: | Texto |
| Gaiak: | |
| Etiketak: |
Etiketa erantsi
Etiketarik gabe, Izan zaitez lehena erregistro honi etiketa jartzen!
|
MARC
| LEADER | 00000 a a2200000 04500 | ||
|---|---|---|---|
| 001 | 7583 | ||
| 003 | |||
| 040 | |||
| 100 | |a Angoa, María Adela | ||
| 245 | |a La Propuesta migratoria del presidente Bush: |b naturaleza, viabilidad y pertinencia / |c María Adela Angoa | ||
| 500 | |a Resumen tambien en inglés | ||
| 650 | |a MIGRACION FRONTERIZA | ||
| 650 | |a TRABAJO | ||
| 650 | |a DESARROLLO ECONOMICO | ||
| 650 | |a CONFLICTOS POLITICOS | ||
| 700 | |a Relatora | ||
| 773 | |g volumen 19, número 1 (55); páginas 217-223 | ||
| 999 | |c 23782 |d 23782 | ||
